Normal view
MARC view
Entry Personal Name
001 - CONTROL NUMBER
- control field: 3233
003 - CONTROL NUMBER IDENTIFIER
- control field: OSt
005 - DATE AND TIME OF LATEST TRANSACTION
- control field: 20241025132338.0
008 - FIXED-LENGTH DATA ELEMENTS
- fixed length control field: 241025|| aca||aabn | a|a d
040 ## - CATALOGING SOURCE
- Original cataloging agency: OSt
- Transcribing agency: OSt
100 ## - HEADING--PERSONAL NAME
- Personal name: Wickham, Sara
670 ## - SOURCE DATA FOUND
- Source citation: Work cat.: (OSt): Midwifery:best practice volume 5 /, 2008.
